000 02558cam a2200301 4500500
005 20260329012445.0
041 _afre
042 _adc
100 1 0 _aGrimaud, André
_eauthor
700 1 0 _aRouge, Luc
_eauthor
245 0 0 _aSéquestration du carbone et politique climatique optimale
260 _c2009.
500 _a41
520 _aNous présentons un modèle de croissance endogène dans lequel l’utilisation d’une ressource naturelle non renouvelablepolluante génère des émissions de CO2, dont une partie peut être séquestrée. Ceci rompt l’habituel lien systématique entreutilisation de la ressource et émissions polluantes. Le stock accumulé des émissions restantes affecte négativementl’utilité des ménages et la productivité des entreprises. Si la séquestration accélère le rythme optimal d’extraction, ellepeut aussi générer de plus fortes émissions à court-terme. De plus, elle est défavorable à la croissance économique. Nousétudions l’impact d’une taxe sur les émissions de carbone ; le niveau de cette taxe compte ici, son niveau optimal estpositif, et elle peut être interprété ex post comme une taxe ad-valorem décroissante sur la ressource.
520 _aCarbon Sequestration and Optimal Climate Policy We present an endogenous growth model in which the use of a non-renewable natural resource generates carbon-dioxideemissions that can be partly sequestered. This approach breaks with the systematic link between resource use andpollution emission. The accumulated stock of remaining emissions has a negative impact on household utility andcorporate productivity. While sequestration quickens the optimal extraction rate, it can also generate higher emissions inthe short run. It also has an adverse effect on economic growth. We study the impact of a carbon tax : the level of the tax hasan effect in our model, its optimal level is positive, and it can be interpreted ex post as a decreasing ad valorem tax on theresource.
690 _acroissance endogène
690 _apolitique climatique
690 _apollution
690 _aressources non-renouvelables
690 _aséquestration du carbone
690 _acarbon sequestration
690 _aclimate policy
690 _aendogenous growth
690 _anon-renewable resources
690 _apollution
786 0 _nÉconomie & prévision | 190-191 | 4 | 2009-12-28 | p. 53-69 | 0249-4744
856 4 1 _uhttps://shs.cairn.info/revue-economie-et-prevision-1-2009-4-page-53?lang=fr&redirect-ssocas=7080
999 _c1871199
_d1871199